Statistics for World Capitals

Click here to take the quiz!

General Stats

  • This quiz has been taken 20 times
    (15 since last reset)
  • The average score is 47 of 207

Answer Stats

EuropeAnswer% Correct
AlbaniaTirana
100%
AustriaVienna
100%
AndorraAndorra La Vella
90%
AzerbaijanBaku
90%
BelgiumBrussels
90%
DenmarkCopenhagen
90%
BulgariaSofia
90%
Czech RepublicPrague
80%
Bosnia and HerzegovinaSarajevo
80%
ArmeniaYerevan
80%
CroatiaZagreb
80%
BelarusMinsk
70%
CyprusNicosia
70%
GreeceAthens
60%
GermanyBerlin
60%
IrelandDublin
60%
FinlandHelsinki
60%
FranceParis
60%
LatviaRiga
60%
ItalyRome
60%
NetherlandsAmsterdam
50%
KazakhstanAstana
50%
HungaryBudapest
50%
MonacoMonaco
50%
RussiaMoscow
50%
NorwayOslo
50%
KosovoPriština
50%
IcelandReykjavik
50%
San MarinoSan Marino
50%
EstoniaTalinn
50%
GeorgiaTbilisi
50%
LiechtensteinVaduz
50%
TurkeyAnkara
40%
SwitzerlandBern
40%
RomaniaBucharest
40%
MoldovaChișinău
40%
UkraineKiev
40%
PortugalLisbon
40%
United Kingdom (England)London
40%
LuxembourgLuxembourg
40%
SpainMadrid
40%
MontenegroPodgorica
40%
MacedoniaSkopje
40%
SwedenStockholm
40%
MaltaValletta
40%
JordanAmman
30%
United Kingdom (Northern Ireland)Belfast
30%
SerbiaBelgrade
30%
SlovakiaBratislava
30%
United Kingdom (Wales)Cardiff
30%
NepalKathmandu
30%
SloveniaLjubljana
30%
JapanTokyo
30%
Vatican CityVatican City
30%
PolandWarsaw
30%
United Arab EmiratesAbu Dhabi
20%
AlgeriaAlgiers
20%
TurkmenistanAshgabat
20%
KazakhstanAstana
20%
IraqBaghdad
20%
AzerbaijanBaku
20%
BruneiBandar Seri Begawan
20%
ThailandBangkok
20%
ChinaBeijing
20%
LebanonBeirut
20%
KyrgyzstanBishkek
20%
ColombiaBogota
20%
BrazilBrasília
20%
SyriaDamascus
20%
BangladeshDhaka
20%
Timor-LesteDili
20%
QatarDoha
20%
TajikistanDushanbe
20%
United Kingdom (Scotland)Edinburgh
20%
VietnamHanoi
20%
PakistanIslamabad
20%
IndonesiaJakarta
20%
IsraelJerusalem
20%
AfghanistanKabul
20%
MalaysiaKuala Lumpur
20%
KuwaitKuwait City
20%
MaldivesMale
20%
BahrainManama
20%
PhilippinesManila
20%
RussiaMoscow
20%
OmanMuscat
20%
MyanmarNaypyidaw
20%
IndiaNew Delhi
20%
CyprusNicosia
20%
CambodiaPhnom Penh
20%
North KoreaPyongyang
20%
EcuadorQuito
20%
Saudi ArabiaRiyadh
20%
YemenSana’a
20%
ChileSantiago
20%
South KoreaSeoul
20%
SingaporeSingapore
20%
Sri LankaSri Jayawardenepurna Kotte
20%
TaiwanTaipei
20%
UzbekistanTashkent
20%
GeorgiaTbilisi
20%
IranTehran
20%
BhutanThimphu
20%
MongoliaUlaanbaatar
20%
LaosVientiane
20%
ArmeniaYerevan
20%
GhanaAccra
10%
EthiopiaAddis Ababa
10%
MadagascarAntananarivo
10%
EritreaAsmara
10%
ParaguayAsunción
10%
MaliBamako
10%
Central African RepublicBangui
10%
GambiaBanjul
10%
St Kitts and NevisBasseterre
10%
Guinea-BissauBissau
10%
CongoBrazzaville
10%
BarbadosBridgetown
10%
ArgentinaBuenos Aires
10%
BurundiBujumbura
10%
EgyptCairo
10%
AustraliaCanberra
10%
VenezuelaCaracas
10%
St LuciaCastries
10%
GuineaConakry
10%
DjiboutiDjibouti
10%
PalestineEast Jerusalem
10%
TuvaluFunafuti
10%
BotswanaGaborone
10%
GuyanaGeorgetown
10%
GuatemalaGuatemala City
10%
CubaHavana
10%
JamaicaKingstown
10%
St Vincent and The GrenadinesKingstown
10%
Democratic Republic of the CongoKinshasa
10%
BoliviaLa Paz or Sucre
10%
GabonLibreville
10%
MalawiLilongwe
10%
PeruLima
10%
Equatorial GuineaMalabo
10%
NicaraguaManagua
10%
MozambiqueMaputo
10%
LesothoMaseru
10%
MexicoMexico City
10%
LiberiaMonrovia
10%
UruguayMontevideo
10%
ComorosMoroni
10%
KenyaNairobi
10%
BahamasNassau
10%
ChadN’Djamena
10%
NigerNiamey
10%
MauritaniaNouakchott
10%
CanadaOttowa
10%
Burkina FasoOuagadougou
10%
PanamaPanama City
10%
SurinameParamaribo
10%
HaitiPort au Prince
10%
MauritiusPort Louis
10%
Papa New GuineaPort Moresby
10%
Trinidad and TobagoPort of Spain
10%
Cape VerdePraia
10%
MorroccoRabat
10%
Costa RicaSan Jose
10%
El SalvadorSan Salvador
10%
Dominican RepublicSanto Domingo
10%
Antigua and BarbudaSt John’s
10%
FijiSuva
10%
KiribatiTarawa
10%
HondurasTegucigalpa
10%
LibyaTripoli
10%
United States Of AmericaWashington D.C.
10%
New ZealandWellington
10%
NamibiaWindhoek
10%
Côte d’IvoireYamoussoukro
10%
CameroonYaoundé
10%
NauruYaren
10%
NigeriaAbuja
0%
AngolaAlgiers
0%
SamoaApia
0%
TurkeyAstana
0%
BelizeBelpoman
0%
SenegalDakar
0%
TanzaniaDodoma
0%
Sierra LeoneFreetown
0%
ZimbabweHarare
0%
Solomon IslandsHonaira
0%
South SudanJuba
0%
UgandaKampala
0%
SudanKhartoum
0%
RwandaKigali
0%
TogoLomé
0%
BeninLuanda
0%
ZambiaLusaka
0%
Marshall IslandsMaputo
0%
SwazilandMbabane or Lomamba
0%
SomaliaMogadishu
0%
PalauNglermund
0%
TongaNuku’alofa
0%
MicronesiaPalakir
0%
VanuatuPort Vila
0%
South AfricaPretoria, Bloemfontein or Cape Town
0%
DominicaRoseau
0%
São Tomé and PrincipeSão Tomé
0%
GrenadaSt George’s
0%
TunisiaTunis
0%
SeychellesVictoria
0%
LithuaniaVillinus
0%

Score Distribution

Percentile by Number Answered

Percent of People with Each Score

Your Score History

You have not taken this quiz since the last reset